000 00331nam a2200133Ia 4500
005 20260326100038.0
008 260326s9999||||xx |||||||||||||| ||und||
100 _aVahlefeld, Rolf
245 0 _aGarages and service stations /
_cRolf Vahlefeld
260 _bLeonard Hill Books
300 _a263 p.
650 _aGARAJES
942 _cBK
999 _c6891
_d6891